000 00468nam a2200169Ia 4500
003 GCL
008 140319s9999 xx 000 0 eng d
040 _aGCL /
_cGCL
082 0 4 _a709
_bL H
100 1 _aLAMM ROBERET C.
245 1 0 _aTHE HUMANITIES IN WESTERN CULTURE : A SEARCH FOR JUMAN VALUES. VOL.1,2 /
_cLAMM ROBERET C.
260 _a[S.N] :
_bBROWN AND BENCHMARK ،
_c1996
650 0 4 _aPHILOSOPHY
650 0 4 _aARTS
650 0 4 _aHISTORY
942 _2ddc
_cBK
999 _c11014
_d11014